The Perverse Effects of Biofuel Public-Sector Policies
Príklady paradoxných účinkov pravidiel v oblasti biopalív. Dotácie, dovozné bariéry, nepriame opatrena na využívanie pôdy atď.
Salvato in:
| Autore principale: | |
|---|---|
| Altri autori: | , |
| Natura: | Capitolo di libro |
| Lingua: | inglese |
| Soggetti: | |
| Tags: |
Nessun Tag, puoi essere il primo ad aggiungerne!!
|
MARC
| LEADER | 00000nla a2200000 4500 | ||
|---|---|---|---|
| 001 | 0242495 | ||
| 005 | 20221007085909.2 | ||
| 041 | 0 | |a eng | |
| 044 | |a US | ||
| 245 | 1 | 0 | |a The Perverse Effects of Biofuel Public-Sector Policies |c Harry de Gorter, Dušan Drábik, David R. Just |
| 520 | |a Príklady paradoxných účinkov pravidiel v oblasti biopalív. Dotácie, dovozné bariéry, nepriame opatrena na využívanie pôdy atď. | ||
| 610 | 2 | 0 | |a biopalivá |
| 610 | 2 | 0 | |a sektor verejný |
| 610 | 2 | 0 | |a poľnohospodárstvo |
| 610 | 2 | 0 | |a poľnohospodárstvo ekologické |
| 610 | 2 | 0 | |a dotácie |
| 610 | 2 | 0 | |a zaťaženie daňové |
| 610 | 2 | 0 | |a inflácia |
| 610 | 2 | 0 | |a prostredie životné |
| 610 | 2 | 0 | |a regulácia štátna |
| 610 | 2 | 0 | |a efekt skleníkový |
| 100 | 1 | |a de Gorter, Harry | |
| 700 | 1 | |a Drábik, Dušan | |
| 700 | 1 | |a R. Just, David | |